|
|
|
|
| LEADER |
00000nab a2200000 r4500 |
| 001 |
vtls011751044 |
| 003 |
SK-MaSNL |
| 005 |
20260303175341.0 |
| 008 |
180416c2018 xo wr|p|||||||000 b|slo |
| 015 |
|
|
|a SNBRB2018/04
|
| 038 |
|
|
|a PPPK
|
| 040 |
|
|
|a PPPKCL
|b slo
|e rda
|
| 041 |
0 |
|
|a slo
|
| 043 |
|
|
|a e-xo---
|
| 044 |
|
|
|a xo
|c SK
|
| 072 |
|
7 |
|a 792
|x Divadlo. Divadelné predstavenia
|2 konspekt
|
| 080 |
|
|
|a 792.077
|x (437.6)
|2 2011
|
| 080 |
|
|
|a 792.079
|x (437.6)
|2 2011
|
| 100 |
1 |
|
|a Mlaková, Mária
|4 aut
|9 1028657
|
| 245 |
1 |
0 |
|a Panie v krojoch aj život puberťáka. Divadlo stále láka všetky generácie
|c Mária Mlaková ; Snímka: mam
|
| 300 |
|
|
|b Fotografie
|
| 336 |
|
|
|a text
|b txt
|2 rdacontent
|
| 337 |
|
|
|a bez média
|b n
|2 rdamedia
|
| 338 |
|
|
|a zväzok
|b nc
|2 rdacarrier
|
| 611 |
2 |
7 |
|a Divadelná Šuňava
|n (26. :
|d 2018 :
|c Šuňava, Slovensko)
|2 pppkcl
|9 1203848
|
| 648 |
|
7 |
|a 16.-17.3.2018
|2 pppkcl
|9 1203849
|
| 650 |
0 |
7 |
|a divadlo
|2 pppkcl
|9 3335
|
| 650 |
0 |
7 |
|a amatérske divadlo
|2 pppkcl
|9 3348
|
| 650 |
0 |
7 |
|a amatérske divadelné súbory
|2 pppkcl
|9 31587
|
| 650 |
0 |
7 |
|a divadelné festivaly a prehliadky
|2 pppkcl
|9 3350
|
| 651 |
|
7 |
|a Šuňava (Slovensko)
|2 pppkcl
|9 54576
|
| 651 |
|
7 |
|a Poprad (Slovensko : okres)
|2 pppkcl
|9 28675
|
| 773 |
0 |
|
|t Podtatranské noviny
|g Roč. LIX, č. 12 (2018), s. 4 a 8
|x 1210-2423
|
| 852 |
|
|
|a PPPK
|b KIS3GCP
|
| 999 |
|
|
|c 2101378
|d 2103308
|